000 00488nam a22002057a 4500
003 OSt
005 20241023151948.0
008 241023b |||||||| |||| 00| 0 eng d
040 _cMRSPTU
041 _aENG
082 _a635.92
_bSI-D
100 _aSingh, Premjit
245 _aDisease and Insect Pest Management in Flower Crops
250 _a2nd Ed.
260 _aLudhiana
_bPAU
_c2020
300 _a47
650 _aAgriculture
700 _aSingh, Sandeep
942 _2ddc
_cBK
_n0
999 _c10359
_d10359